Права на результаты интеллектуальной деятельности. Авторское право. Патентное право. Другие исключительные права: Сборник нормативных актов

Detaylı Bibliyografya
Müşterek Yazar: Исследовательский центр частного права
Diğer Yazarlar: Дозорцев В. А. (составитель автор предисловия)
Dil:Rusça
Baskı/Yayın Bilgisi: Москва, Де-Юре, 1994
Konular:
Materyal Türü: Kitap
KOHA link:https://koha.lib.tpu.ru/cgi-bin/koha/opac-detail.pl?biblionumber=64454

MARC

LEADER 00000nam0a2200000 4500
001 64454
005 20231031065640.0
010 |a 5854910160 
035 |a (RuTPU)RU\TPU\book\68401 
090 |a 64454 
100 |a 20040531d1994 km y0rusy50 ca 
101 0 |a rus 
102 |a RU 
105 |a y n 000zy 
200 1 |a Права на результаты интеллектуальной деятельности. Авторское право. Патентное право. Другие исключительные права  |e Сборник нормативных актов  |f Исследовательский центр частного права; сост. В. А. Дозорцев 
210 |a Москва  |c Де-Юре  |d 1994 
215 |a 624 с. 
610 1 |a интеллектуальная деятельность 
610 1 |a интеллектуальная собственность 
610 1 |a авторское право 
610 1 |a патентное право 
610 1 |a нормативные материалы 
610 1 |a нормативные правовые акты 
610 1 |a право 
686 |a Х623.3  |v LBC/SL-A  |2 rubbk 
702 1 |a Дозорцев  |b В. А.  |4 220  |4 080 
712 0 2 |a Исследовательский центр частного права  |2 stltpush  |3 (RuTPU)RU\TPU\col\4861 
801 1 |a RU  |b 63413507  |c 20040531  |g PSBO 
801 2 |a RU  |b 63413507  |c 20080618  |g PSBO 
942 |c BK